スマホアプリのアイコンクイズ - Statistics

General Stats
  • This quiz has been taken 885 times
  • The average score is 18 of 24
Answer Stats
Picture Answer % Correct
YouTube
99%
Amazon Music
95%
Instagram
95%
PayPay
95%
TikTok
93%
楽天ペイ
90%
Facebook
90%
Google Maps
90%
Netflix
90%
メルカリ
89%
出前館
88%
Spotify
78%
Yahoo!天気
76%
写真
73%
Discord
73%
Duolingo
71%
Coke ON
70%
App Store
67%
U-NEXT
67%
Google Play
66%
Twitch
52%
Microsoft OneDrive
25%
Snapchat
20%
Flightradar24
17%
No matching quizzes found
Score Distribution
Percent of People with Each Score
Percentile by Number Answered
Your Score History
You have not taken this quiz